000 00600nam a22001937a 4500
003 OSt
005 20151106095331.0
008 130629t xxu||||| |||| 00| 0 eng d
050 _aQA N273
_b.In61 2006
082 _aIB 510
_bMAT 2006
110 _aInternational Baccalaureate Organization
_9203
245 _aMathematics SL :
_cInternational Baccalaureate Organization
_bdiploma programme : first examinations 2008 /
260 _aUnited Kingdom :
_bIBO,
_c2006.
300 _a48 p. ;
_c29 cm.
440 _aFirst examinations 2008
_914154
562 _e1
942 _2lcc
_cBK
999 _c3401
_d3401